LIBRARY & INFORMATION CENTRE, KCAET, TAVANUR

ONLINE PUBLIC ACCESS CATALOGUE (OPAC)

Energy research and development programme, second status report (1975-1978), Vol.2 / (Record no. 9966)

MARC details
000 -LEADER
fixed length control field 00439cam a2200145ua 4500
041 ## - LANGUAGE CODE
Language code of text/sound track or separate title eng
082 ## - DEWEY DECIMAL CLASSIFICATION NUMBER
Classification number 028.74621
Item number NIJ/EN
100 ## - MAIN ENTRY--AUTHOR NAME
Personal name Nijhaff, Martinus .
245 ## - TITLE STATEMENT
Title Energy research and development programme, second status report (1975-1978), Vol.2 /
260 ## - PUBLICATION, DISTRIBUTION, ETC. (IMPRINT)
Place of publication London :
Name of publisher Martinus Nijhaff Publishers ,
Year of publication 1977.
300 ## - PHYSICAL DESCRIPTION
Number of Pages 1060 ; .
942 ## - ADDED ENTRY ELEMENTS (KOHA)
Koha item type Books
Holdings
Withdrawn status Lost status Damaged status Home library Current library Date acquired Full call number Accession Number Koha item type
      KAUAET KAUAET 07/04/2012 028.74621 19910 Reference
free website counter